Gaijin Kaisha : Running a foreign business in Japan
Contents: Foreign firms and their general managers; The general manager; Personnel; Competition...
Guardado en:
| Autor principal: | |
|---|---|
| Formato: | Libro |
| Lenguaje: | Undetermined |
| Publicado: |
New York
Armonk
1990
|
| Materias: | |
| Etiquetas: |
Agregar Etiqueta
Sin Etiquetas, Sea el primero en etiquetar este registro!
|
| Thư viện lưu trữ: | Trung tâm Học liệu Trường Đại học Cần Thơ |
|---|
| LEADER | 00718nam a2200217Ia 4500 | ||
|---|---|---|---|
| 001 | CTU_78945 | ||
| 008 | 210402s9999 xx 000 0 und d | ||
| 082 | |a 658 | ||
| 082 | |b H884 | ||
| 100 | |a Huddleston, Jackson N. | ||
| 245 | 0 | |a Gaijin Kaisha : | |
| 245 | 0 | |b Running a foreign business in Japan | |
| 245 | 0 | |c Jackson N. Huddleston, Jr | |
| 260 | |a New York | ||
| 260 | |b Armonk | ||
| 260 | |c 1990 | ||
| 520 | |a Contents: Foreign firms and their general managers; The general manager; Personnel; Competition... | ||
| 650 | |a Industrial management,Quản trị công nghiệp | ||
| 650 | |z Japan,Nhật Bản | ||
| 904 | |i Khánh Ngân, Giang | ||
| 980 | |a Trung tâm Học liệu Trường Đại học Cần Thơ | ||